00406 a2200157 4500003000400000005001700004008004100021020001800062040000900080082002000089100004500109245003400154250001300188260003700201300001000238OSt20260324152304.0231201b |||||||| |||| 00| 0 eng d a9789390075003 coclc a894.8123bNAI/K1 aVāsudēvan Nāyar, Eṃ. Ti.,d1933- aKaalam /cM.T. Vasudevan Nair a38th ed. aThrissur:bCurrent Books,c2023. a320p.